000 00348pam a2200133 a 4500
020 _a81-203-1210-4
_c
041 _h
082 _a330
_bNEL/PAR
100 _aNELLIS JOSEPH G./PARKER,DAVID
245 _aTHE ESSENCE OF BUSINESS ECONOMICS
_hTextual Documents
260 _aNEW DELHI
_bPRENTICE HALL OF INDIA
_c2003
300 _a230
930 _a13166
999 _c132593
_d132593